Leistungsbewerung - Leistungsvergleich - Leistungssteigerung /

Hlavní autor: Schilling, Gerhard
Jazyk: Němčina
Vydáno: Berlin : Dietz, 1982
Fyzický popis: 226 s.
Knihy
Uloženo v:
LEADER 00656nam a22002052a 4500
001 000893416
003 CZ BrMZK
005 20080416202413.0
007 ta
008 080416s1982 gw er|||||||||||ger d
040 |a BOA001  |b cze 
080 9 |a 331.101.6 
100 1 |a Schilling, Gerhard  |4 aut 
245 1 0 |a Leistungsbewerung - Leistungsvergleich - Leistungssteigerung /  |c Peter Hoss, ... [et al.] ; Leiter des Autorenkoll. Gerhard Schilling 
260 |a Berlin :  |b Dietz,  |c 1982 
300 |a 226 s. 
910 |a BOA001  |b 1-0860.133 
990 |a BK 
991 |b 200804 
996 7 |b 2619583674  |c 1-0860.133  |l MZK  |r Sklad / do 1 hodiny  |n 0  |w 000893416  |u 000010  |a 1  |e BOA001  |j MZK50  |s A